The planning service (Record no. 103479)

MARC details
000 -LEADER
fixed length control field 01285cad a22002895a 4500
001 - CONTROL NUMBER
control field L125848
008 - FIXED-LENGTH DATA ELEMENTS--GENERAL INFORMATION
fixed length control field 040416s2003 xxk l 000 0 eng u
020 ## - INTERNATIONAL STANDARD BOOK NUMBER
International Standard Book Number 1851126759
035 ## - SYSTEM CONTROL NUMBER
System control number (Sirsi) u125848
041 ## - LANGUAGE CODE
Language code of text/sound track or separate title eng
050 ## - LIBRARY OF CONGRESS CALL NUMBER
Classification number 711.1
-- 18
100 ## - MAIN ENTRY--PERSONAL NAME
Personal name Grant, Malcom
245 04 - TITLE STATEMENT
Title The planning service
Remainder of title costs and fees
Medium [electronic resource]
260 ## - PUBLICATION, DISTRIBUTION, ETC.
Place of publication, distribution, etc. London
Name of publisher, distributor, etc. ODPM
Date of publication, distribution, etc. 2003
520 ## - SUMMARY, ETC.
Summary, etc. The final report of ODPM commissioned research examining the scope and levels of fees for local authority planning activities and the costs of providing those services. The research fulfils the Planning Green Paper commitment to review the fee regime in the planning system. View at www.odpm.gov.uk/planning.
650 ## - SUBJECT ADDED ENTRY--TOPICAL TERM
Topical term or geographic name entry element PLANNING FEES
650 ## - SUBJECT ADDED ENTRY--TOPICAL TERM
Topical term or geographic name entry element LOCAL PLANNING AUTHORITIES
650 ## - SUBJECT ADDED ENTRY--TOPICAL TERM
Topical term or geographic name entry element PLANNING SYSTEM
650 ## - SUBJECT ADDED ENTRY--TOPICAL TERM
Topical term or geographic name entry element PLANNING REFORM
690 ## - LOCAL SUBJECT ADDED ENTRY--TOPICAL TERM (OCLC, RLIN)
Topical term or geographic name as entry element ENVIRONMENTAL AND LAND CONSULTANCY-PLANNING AND DEVELOPMENT
710 ## - ADDED ENTRY--CORPORATE NAME
Corporate name or jurisdiction name as entry element Arup Economics and Planning
9 (RLIN) 699
710 ## - ADDED ENTRY--CORPORATE NAME
Corporate name or jurisdiction name as entry element Addison Associates
9 (RLIN) 4628
710 ## - ADDED ENTRY--CORPORATE NAME
Corporate name or jurisdiction name as entry element Bailey Consultancy
9 (RLIN) 4629
710 ## - ADDED ENTRY--CORPORATE NAME
Corporate name or jurisdiction name as entry element United Kingdom
Subordinate unit Office of the Deputy Prime Minister
856 ## - ELECTRONIC LOCATION AND ACCESS
Uniform Resource Identifier <a href="https://www.communities.gov.uk/publications/planningandbuilding/planningservice">https://www.communities.gov.uk/publications/planningandbuilding/planningservice</a>
Public note View the report free of charge at www.communities.gov.uk
942 ## - ADDED ENTRY ELEMENTS (KOHA)
Suppress in OPAC 0
Holdings
Withdrawn status Lost status Source of classification or shelving scheme Damaged status Not for loan Home library Current library Shelving location Date acquired Total Checkouts Full call number Barcode Date last seen Copy number Price effective from Koha item type
    Dewey Decimal Classification     Virtual Virtual Online 16/04/2004   ONLINE PUBLICATION 125848-2001 06/08/2019 1 06/08/2019 Online material